000 00638nam a2200193 4500
008 b xx# fre u
040 _aLB-BrCRDP
082 1 _a371.33
_bGEM
100 1 _aGemayel, Bargis
245 1 2 _aL'information à l'école
_bL'information est le Saint-Esprit de notre époque ainsi que son démon
_cBargis Gemayel
300 _a118 p.
_bcouv. couleur, ill. noir et blanc.
_c22 cm
500 _atable, index.
650 4 _aEducation aux médias
650 4 _aInformation documentaire
650 4 _aEducation
650 4 _aInformation
942 _cBK
999 _c2487
_d2487